| 000 | 00396nam a22001697a 4500 | ||
|---|---|---|---|
| 003 | OSt | ||
| 005 | 20260313173257.0 | ||
| 008 | 260313b |||||||| |||| 00| 0 eng d | ||
| 040 | _cFLL | ||
| 041 |
_aENG _dENG |
||
| 100 |
_aSINGHANIA, VINOD,K _91132077 |
||
| 245 | _aDirect Taxes Law and Practice | ||
| 250 | _a73rd | ||
| 260 |
_aINDIA _bTAXMAN _c2025 |
||
| 300 | _a1706 | ||
| 942 |
_2CC _cTB _n0 |
||
| 999 |
_c1715429 _d1715429 |
||